000
00322 a2200133 4500
000
nam a22 7a 4500
100
_a
Sachan, Amit
110
_a
Sachan, Amit
245
_a
Business Statistics Using Python
250
_a
Latest edition
260
_b
McGraw Hill
_c
2025
264
_b
McGraw Hill
_c
2025
942
_c
BK
999
_c
396985
_d
396985